| 000 | 01171cad a22002295a 4500 | ||
|---|---|---|---|
| 001 | L147379 | ||
| 008 | 090507s2009 xxkd f s 000 0 eng d | ||
| 035 | _a(Sirsi) u147379 | ||
| 041 | 0 | _aeng | |
| 050 | 0 | 4 | _a333.33 $2 18 |
| 110 | 2 |
_aCB Richard Ellis _93675 |
|
| 245 | 0 | 0 |
_aCBRE UK prime rent and yield monitor _bfirst quarter 2009 _h[electronic resource] |
| 260 |
_aLondon _bCBRE _c2009 |
||
| 490 | 0 |
_aCB Richard Ellis UK Prime Rent and Yield Monitor _vFirst Quarter 2009 |
|
| 520 | _aReports that prime rental correction is gathering pace, with all property prime rents falling 7.2% year on year. The All Property average prime equivalent yield moved out to 7.8% in the first quarter 2009; its highest level in over 15 years. Investment into UK commercial property stalled in the first quarter, recording just over £3.6bn of transactions, the lowest levels this decade. | ||
| 590 | _aKA NTK | ||
| 650 | 2 | 4 | _aCB RICHARD ELLIS UK PRIME RENT AND YIELD INDEX |
| 651 | 4 |
_aUnited Kingdom _y |
|
| 690 | _aPROPERTY-COMMERCIAL PROPERTY-COMMERCIAL PROPERTY MARKET | ||
| 856 | 4 | 0 |
_uhttps://www.cbre.co.uk/ _zView the report free of charge at www.cbre.co.uk... |
| 942 | _n0 | ||
| 999 |
_c109527 _d109527 |
||